Una generación única de profesionales ticos, formados en Bélgica /

Gardado en:
Detalles Bibliográficos
Autor Principal: Valembois Verbiest, Víctor
Formato: Desconocido
Idioma:Spanish
Materias:
Etiquetas: Engadir etiqueta
Sen Etiquetas, Sexa o primeiro en etiquetar este rexistro!

MARC

LEADER 000000000a22000000004500
001 007737
041 0 |a spa 
100 1 |a Valembois Verbiest, Víctor 
245 1 4 |a Una generación única de profesionales ticos, formados en Bélgica /   |c Víctor Valembois Verbiest. 
310 |a Semestral 
650 4 |a COSTARRICENSES EN BELGICA 
650 4 |a ESTUDIANTES UNIVERSITARIOS 
650 4 |a PROFESIONALES 
773 0 |d San José, Costa Rica : Editorial de la Universidad de Costa Rica  |t Herencia  |g volumen 7/8, número 2/1 (1995-1996), páginas 15-26 
942 |c ARC 
999 |c 14613  |d 14613